000 00254nam a2200097Ia 4500
082 _aJ 387.7 SPIL
245 0 _aAt the airport
100 _a Spilsbury, Richard, Chicago, Ill., [c.2009]
942 _cBK
008 210817s9999 xx 000 0 und d
999 _c368105
_d368104